000 00404nam a2200169Ia 4500
001 67293
008 150604s9999 xx 000 0 und d
020 _aNA
040 _cPK-LaUMT
082 _a 891.4393
_bSUB-E
100 _aSubbas Gull
245 _aEk teray aanay se (Urdu)
_cSubbas Gull
260 _aLahore,Pakistan:
_bAbdullah Academy,
_c2010
300 _a256 p.
546 _aUR
942 _cBK
999 _c72681
_d72681